Paradigms of titanate centered energy materials / (Record no. 52394)

MARC details
000 -LEADER
fixed length control field 00682nam a2200253Ia 4500
005 - DATE AND TIME OF LATEST TRANSACTION
control field 20260429112116.0
008 - FIXED-LENGTH DATA ELEMENTS--GENERAL INFORMATION
fixed length control field 260429s9999||||xx |||||||||||||| ||und||
020 ## - INTERNATIONAL STANDARD BOOK NUMBER
International Standard Book Number 9781032464848
041 ## - LANGUAGE CODE
Language English
082 ## - DEWEY DECIMAL CLASSIFICATION NUMBER
Classification number 621.042
Item number DHO
100 ## - MAIN ENTRY--PERSONAL NAME
Personal name Dhoble, Sanjay J.
245 #0 - TITLE STATEMENT
Title Paradigms of titanate centered energy materials /
Statement of responsibility, etc Sanjay J. Dhoble
250 ## - EDITION STATEMENT
Edition statement 1st ed.
260 ## - PUBLICATION, DISTRIBUTION, ETC. (IMPRINT)
Place of publication, distribution, etc Boca Raton :
Name of publisher, distributor, etc CRC Press,
Date of publication, distribution, etc 2024.
300 ## - PHYSICAL DESCRIPTION
Extent xi, 179 p.; pbk
650 ## - SUBJECT ADDED ENTRY--TOPICAL TERM
Topical term or geographic name as entry element Materials
650 ## - SUBJECT ADDED ENTRY--TOPICAL TERM
Topical term or geographic name as entry element Titanate
650 ## - SUBJECT ADDED ENTRY--TOPICAL TERM
Topical term or geographic name as entry element Energy materials
700 ## - ADDED ENTRY--PERSONAL NAME
Personal name Darshan, G. P.
700 ## - ADDED ENTRY--PERSONAL NAME
Personal name Kadam, Abhijeet R.
700 ## - ADDED ENTRY--PERSONAL NAME
Personal name Nagabhushuna, H.
700 ## - ADDED ENTRY--PERSONAL NAME
Personal name Sharma, S. C.
942 ## - ADDED ENTRY ELEMENTS (KOHA)
Koha item type Text Books
Holdings
Withdrawn status Lost status Damaged status Not for loan Collection code Home library Location Shelving location Date of Cataloging Source of acquisition Total Checkouts Full call number Barcode Date last seen Price effective from Koha item type
        Non-fiction CUTN Central Library CUTN Central Library Medicine, Technology & Management 29/04/2026 CBS Publishers & Distributors, New Delhi - Invoice No. COR/IN/26/11710 on   621.042 DHO 57470 29/04/2026 29/04/2026 Text Books